000 00258nam a22001217a 4500
008 170912b xxu||||| |||| 00| 0 eng d
041 _aeng
080 _a53
100 _a43
101 _aFIZ
245 _aLAGRANGIAN DYNAMIC
_cWELLS.D.A
942 _2udc
_cBK
999 _c27383
_d27383